|
|
|
|
| LEADER |
02218nam a2200577 i 4500 |
| 001 |
nkc20223423373 |
| 003 |
CZ PrNK |
| 005 |
20240913211221.0 |
| 007 |
ta |
| 008 |
220525t20222022xr ab f 000 0 cze |
| 015 |
|
|
|a cnb003423373
|
| 020 |
|
|
|a 978-80-88087-91-5
|q (brožováno)
|
| 035 |
|
|
|a (OCoLC)1335742007
|
| 040 |
|
|
|a OLA001
|b cze
|e rda
|
| 043 |
|
|
|a e-xr---
|
| 072 |
|
7 |
|a 37.014
|x Vzdělávací a výchovná politika
|2 Konspekt
|9 22
|
| 080 |
|
|
|a (=161.2)
|2 MRF
|
| 080 |
|
|
|a 316.346.32-053.2-054.6
|2 MRF
|
| 080 |
|
|
|a 37.014.5
|2 MRF
|
| 080 |
|
|
|a 364-786
|2 MRF
|
| 080 |
|
|
|a (437.3)
|2 MRF
|
| 080 |
|
|
|a (047.31)
|2 MRF
|
| 100 |
1 |
|
|a Novosák, Jiří,
|d 1979-
|7 js20061117014
|4 aut
|
| 245 |
1 |
0 |
|a Průběžná zpráva o integraci a vzdělávání ukrajinských dětí a žáků :
|b tematická zpráva /
|c Jiří Novosák, Ondřej Andrys, Tomáš Zatloukal, Tomáš Pavlas, Markéta Spitzerová
|
| 264 |
|
1 |
|a Praha :
|b Česká školní inspekce,
|c [2022]
|
| 264 |
|
4 |
|c ©2022
|
| 300 |
|
|
|a 41 stran :
|b barevné ilustrace, mapy ;
|c 30 cm
|
| 336 |
|
|
|a text
|b txt
|2 rdacontent
|
| 337 |
|
|
|a bez média
|b n
|2 rdamedia
|
| 338 |
|
|
|a svazek
|b nc
|2 rdacarrier
|
| 500 |
|
|
|a Na obálce označení: 2021/2022
|
| 504 |
|
|
|a Obsahuje bibliografické odkazy
|
| 650 |
0 |
7 |
|a Ukrajinci
|7 ph118163
|z Česko
|2 czenas
|
| 650 |
0 |
7 |
|a děti cizinců
|7 ph338531
|z Česko
|2 czenas
|
| 650 |
0 |
7 |
|a vzdělávací politika
|7 ph127308
|z Česko
|2 czenas
|
| 650 |
0 |
7 |
|a sociální integrace
|7 ph125789
|z Česko
|2 czenas
|
| 650 |
0 |
9 |
|a Ukrainians
|z Czechia
|2 eczenas
|
| 650 |
0 |
9 |
|a children of aliens
|z Czechia
|2 eczenas
|
| 650 |
0 |
9 |
|a educational policy
|z Czechia
|2 eczenas
|
| 650 |
0 |
9 |
|a social integration
|z Czechia
|2 eczenas
|
| 655 |
|
7 |
|a výzkumné zprávy
|7 fd131869
|2 czenas
|
| 655 |
|
9 |
|a research reports
|2 eczenas
|
| 700 |
1 |
|
|a Andrys, Ondřej
|7 mzk20201085847
|4 aut
|
| 700 |
1 |
|
|a Zatloukal, Tomáš,
|d 1969-
|7 ola20201086887
|4 aut
|
| 700 |
1 |
|
|a Pavlas, Tomáš
|7 xx0264530
|4 aut
|
| 700 |
1 |
|
|a Spitzerová, Markéta,
|d 1985-
|7 av20241233841
|4 aut
|
| 910 |
2 |
|
|a BOA001
|b 4-1489.951
|
| 990 |
|
|
|a BK
|
| 995 |
|
|
|a 01
|
| 991 |
|
|
|b 202207
|c NOV
|
| 996 |
6 |
|
|b 2610907414
|c 4-1489.951
|l MZK
|r Sklad / do 1 hodiny
|n 1
|p p.v.
|w 001891806
|u 000010
|a 1
|e BOA001
|j MZK50
|s P
|